00354pab a2200121 454500008004000000100002200040245009200062260000900154300001300163362001100176650002500187773002000212180718b2011 xxu||||| |||| 00| 0 eng d aChinara, Benudhar aUniversalisation of quality elementary education: Emerging and thrust areas of research c2011 ap.18-22. a17 Jan aElementary education aUniversity News